Countries of Europe with No Clues - Statistics

General Stats
  • This quiz has been taken 107 times
  • The average score is 40 of 45
Answer Stats
Country % Correct
United Kingdom
98%
Germany
97%
France
96%
Spain
96%
Ireland
94%
Italy
93%
Poland
93%
Portugal
93%
Finland
92%
Norway
92%
Russia
92%
Greece
91%
Sweden
91%
Belarus
90%
Belgium
90%
Bulgaria
90%
Czech Republic
90%
Lithuania
90%
Netherlands
90%
Romania
90%
San Marino
90%
Croatia
89%
Estonia
89%
Luxembourg
89%
Denmark
88%
Latvia
88%
Slovakia
88%
Albania
87%
Iceland
87%
Switzerland
87%
Ukraine
87%
Austria
85%
Liechtenstein
85%
Monaco
85%
Slovenia
85%
Vatican City
85%
Malta
84%
Montenegro
84%
Andorra
83%
Bosnia and Herzegovina
83%
Hungary
83%
Serbia
83%
Kosovo
82%
North Macedonia
82%
Moldova
80%
No matching quizzes found
Score Distribution
Percent of People with Each Score
Percentile by Number Answered
Your Score History
You have not taken this quiz